Improving organic animal farming

Na minha lista:
Detalhes bibliográficos
Formato: Livro
Idioma:Undetermined
Publicado em: Rome FAO
Assuntos:
Tags: Adicionar Tag
Sem tags, seja o primeiro a adicionar uma tag!
Thư viện lưu trữ: Trung tâm Học liệu Trường Đại học Cần Thơ
LEADER 00567nam a2200181Ia 4500
001 CTU_233357
008 210402s9999 xx 000 0 und d
020 |c 6747000 
082 |a 636 
082 |b I.34 
245 0 |a Improving organic animal farming 
245 0 |c edited by Mette Vaarst and Stephen Roderick. 
260 |a Rome 
260 |b FAO 
650 |a Thú y,Canh tác hữu cơ,Organic farming,Veterinary medicine 
650 |x Các khía cạnh môi trường. 
910 |a Tuyến 
980 |a Trung tâm Học liệu Trường Đại học Cần Thơ